[Event "AUTO-INT-1428"]
[Site "http://www.queenalice.com/game.php?id=643136"]
[Date "2009.8.27"]
[Round "1"]
[White "Corus"]
[Black "TRPnt"]
[Result "0-1"]
[WhiteElo "1791"]
[BlackElo "1867"]

1. d4 Nf6 2. Nc3 d5 3. Bg5 h6 4. Bxf6 exf6 5. e4 dxe4 6. Nxe4 Qd5 7. Nc3 Bb4 8.
Ne2 O-O 9. a3 Bxc3+ 10. Nxc3 Re8+ 11. Ne2 Nc6 12. c3 Na5 13. h3 Nb3 14. Rb1 Bf5
15. Rg1 c5 16. g4 Bxb1 17. Qxb1 cxd4 18. Bg2 Rxe2+ 19. Kxe2 Qc4+ 20. Kd1 dxc3
21. bxc3 Rd8+ 22. Ke1 Re8+ 23. Kd1 Qe2# 0-1

[Event "AUTO-INT-1428"]
[Site "http://www.queenalice.com/game.php?id=643137"]
[Date "2009.8.27"]
[Round "1"]
[White "TRPnt"]
[Black "Corus"]
[Result "1-0"]
[WhiteElo "1971"]
[BlackElo "1805"]

1. d4 Nf6 2. c4 d5 3. Nc3 e6 4. cxd5 Nxd5 5. e4 Nb6 6. Nf3 Bb4 7. Bd3 O-O 8. O-O
Nc6 9. e5 Nxd4 10. Nxd4 Qxd4 11. Bxh7+ Kxh7 12. Qxd4 Be7 13. Qg4 Nd7 14. Nb5
Nxe5 15. Qh5+ Kg8 16. Nxc7 Rb8 17. Qxe5 Bd7 18. Qg3 g6 19. Bg5 Bxg5 20. Qxg5 Bc6
21. Nxe6 fxe6 22. Qxg6+ Kh8 23. Rad1 Be8 24. Qh6+ Kg8 25. Rd4 1-0

[Event "AUTO-INT-1428"]
[Site "http://www.queenalice.com/game.php?id=643148"]
[Date "2009.8.27"]
[Round "1"]
[White "TRPnt"]
[Black "MLC"]
[Result "1-0"]
[WhiteElo "1932"]
[BlackElo "1769"]

1. c4 e5 2. Nc3 Nc6 3. Nf3 d6 4. d4 Nxd4 5. Nxd4 exd4 6. Qxd4 c5 7. Qe4+ Be7 8.
Nd5 Be6 9. g3 Nf6 10. Nxf6+ Bxf6 11. Qxb7 O-O 12. Bg2 Rb8 13. Qxa7 Bxc4 14. Qa4
Bb5 15. Qc2 Qe7 16. Be4 g6 17. a4 Ra8 18. Bh6 Bg7 19. Bxg7 Kxg7 20. Ra3 Rfe8 21.
Bxa8 Bd7 22. Bd5 Bf5 23. Qd2 Bg4 24. Re3 Qd7 25. Rxe8 Qxe8 26. a5 Qb5 27. f3 Be6
28. Bxe6 fxe6 29. Qxd6 Qb4+ 30. Kf2 Qxa5 31. Rc1 Qa2 32. Qe7+ Kh6 33. Qf8+ Kh5
34. g4+ Kh4 35. Qe7+ Kh3 36. Qxh7# 1-0

[Event "AUTO-INT-1428"]
[Site "http://www.queenalice.com/game.php?id=643149"]
[Date "2009.8.27"]
[Round "1"]
[White "MLC"]
[Black "TRPnt"]
[Result "0-1"]
[WhiteElo "1775"]
[BlackElo "1764"]

1. e4 e5 2. Nc3 Nf6 3. d4 exd4 4. Nd5 Nxd5 5. exd5 Qe7+ 6. Be2 Qe4 7. f3 Qxd5 8.
Bd3 Nc6 9. a3 Qa5+ 10. Bd2 Qb6 11. g4 Qxb2 12. Ne2 h5 13. O-O hxg4 14. fxg4 d6
15. Qe1 Ne5 16. Qf2 Bxg4 17. Nxd4 O-O-O 18. Bf5+ Bxf5 19. Nxf5 Qxc2 20. Ne3 Qg6+
21. Ng2 Rxh2 22. Kxh2 Ng4+ 23. Kg1 Nxf2 24. Rxf2 Be7 25. Bb4 Bf6 26. Re1 Bd4 27.
Rf1 Qg3 28. Bd2 Rh8 29. Bf4 Qh3 0-1

[Event "Challenge"]
[Site "http://www.queenalice.com/game.php?id=677387"]
[Date "2009.11.3"]
[Round "-"]
[White "ZUMBI"]
[Black "TRPnt"]
[Result "0-1"]
[WhiteElo "1892"]
[BlackElo "2038"]

1. e4 e5 2. Nf3 Nc6 3. Nc3 Nf6 4. Bb5 Nd4 5. Bc4 d6 6. Ng5 d5 7. exd5 Bc5 8. d6
O-O 9. Bxf7+ Kh8 10. Bb3 Nxb3 11. axb3 Bxf2+ 12. Kxf2 Ne4+ 13. Ke3 Qxg5+ 14. Kd3
Nf2+ 15. Ke2 Nxd1 16. Rxd1 Bg4+ 17. Ke1 Qf4 18. d4 Qf2# 0-1

[Event "Challenge"]
[Site "http://www.queenalice.com/game.php?id=685261"]
[Date "2009.11.18"]
[Round "-"]
[White "rhsatrhs"]
[Black "TRPnt"]
[Result "1-0"]
[WhiteElo "2137"]
[BlackElo "1919"]

1. e4 e5 2. Nf3 Nc6 3. Bb5 a6 4. Ba4 Nf6 5. O-O Be7 6. Re1 b5 7. Bb3 O-O 8. a4
Bb7 9. d3 d6 10. Nbd2 Na5 11. Ba2 c5 12. Nf1 b4 13. Ng3 Rb8 14. Bg5 Bc8 15. h3
Bd7 16. c3 b3 17. Bb1 h6 18. Be3 Be6 19. Qd2 Nc6 20. Nh4 Nxe4 21. Nxe4 Bxh4 22.
g3 Be7 23. Kg2 f5 24. Bxh6 gxh6 25. Qxh6 fxe4 26. Qxe6+ Rf7 27. Rxe4 Bf6 28. Ra3
Kf8 29. Rxb3 Rxb3 30. Qxb3 d5 31. Rg4 Na5 32. Qc2 c4 33. dxc4 dxc4 34. Qg6 Qd5+
35. Qe4 Qe6 36. Qa8+ Ke7 37. Be4 Qb6 38. Rg8 Kd6 39. Qd5+ Kc7 40. Qxf7+ 1-0

[Event "Challenge"]
[Site "http://www.queenalice.com/game.php?id=685262"]
[Date "2009.11.18"]
[Round "-"]
[White "TRPnt"]
[Black "rhsatrhs"]
[Result "0-1"]
[WhiteElo "1929"]
[BlackElo "2140"]

1. e4 c5 2. Nf3 d6 3. d4 cxd4 4. Nxd4 Nf6 5. Nc3 a6 6. Be3 e5 7. Nb3 Be6 8. Qd2
Be7 9. f3 h5 10. O-O-O Nbd7 11. Kb1 Rc8 12. Nd5 Bxd5 13. exd5 Nb6 14. Bxb6 Qxb6
15. g3 O-O 16. Qd3 Rc7 17. c3 Rfc8 18. Rc1 a5 19. Bh3 Ra8 20. Bf5 a4 21. Nd2 a3
22. b3 Ra5 23. Nc4 Qa6 24. Nxa5 Qxa5 25. c4 g6 26. Be4 Nxe4 27. fxe4 Bg5 28. Rc3
b5 29. b4 Qxb4+ 30. Rb3 bxc4 31. Rxb4 cxd3 32. Rb8+ Kg7 33. h4 Bh6 34. Rb3 d2
35. Rd3 Rc1+ 36. Rxc1 dxc1=Q# 0-1

[Event "Família 1"]
[Site "http://www.queenalice.com/game.php?id=693243"]
[Date "2009.12.5"]
[Round "-"]
[White "josemsm"]
[Black "TRPnt"]
[Result "0-1"]
[WhiteElo "1100"]
[BlackElo "2063"]

1. e4 e5 2. Nf3 Nc6 3. c4 Nf6 4. d3 d6 5. h3 Be7 6. Nc3 O-O 7. a3 Nd4 8. Nxd4
exd4 9. Nb5 c5 10. a4 a6 11. Na3 Re8 12. f4 d5 13. e5 Bd6 14. g4 h6 15. g5 hxg5
16. Bg2 gxf4 17. Bxf4 Bxe5 18. O-O dxc4 19. Bxe5 Rxe5 20. Nxc4 Rg5 21. Qf3 Qc7
22. a5 Be6 23. Nb6 Rd8 24. Qxb7 Qxb7 25. Rf2 Bxh3 26. Kh2 Bxg2 27. Rg1 Rh5+ 28.
Kg3 Rh3+ 29. Kf4 Qb8+ 30. Kf5 Rh5# 0-1

[Event "Família 2"]
[Site "http://www.queenalice.com/game.php?id=693245"]
[Date "2009.12.5"]
[Round "-"]
[White "TRPnt"]
[Black "josemsm"]
[Result "1-0"]
[WhiteElo "2063"]
[BlackElo "1205"]

1. e4 e5 2. Nc3 c5 3. Nf3 d6 4. Bc4 h6 5. d3 g5 6. Bd5 g4 7. Nd2 h5 8. h3 gxh3
9. Qf3 Nf6 10. gxh3 Nxd5 11. Nxd5 Nc6 12. Nc4 Nd4 13. Qd1 b5 14. Rg1 Be7 15.
Nce3 Bxh3 16. c3 Bg4 17. Nxg4 hxg4 18. cxd4 exd4 19. Qxg4 Qa5+ 20. Bd2 Qd8 21.
Qg7 Kd7 22. Qxf7 Rf8 23. Nf6+ Kc6 24. Qd5+ Kb6 25. e5 Bxf6 26. exf6 Qxf6 27.
O-O-O Rad8 28. Bg5 Qxf2 29. Rg2 Rf5 30. Bxd8+ Ka6 31. Qc6# 1-0

[Event "Vamos a verdade.."]
[Site "http://www.queenalice.com/game.php?id=696109"]
[Date "2009.12.11"]
[Round "-"]
[White "miqueias_reis"]
[Black "TRPnt"]
[Result "0-1"]
[WhiteElo "1307"]
[BlackElo "2063"]

1. e3 Nc6 2. Bb5 a6 3. Bxc6 dxc6 4. h3 Nf6 5. b3 e5 6. Nc3 Bb4 7. Bb2 b5 8. Nf3
e4 9. Ne5 Bb7 10. O-O O-O 11. f3 Nh5 12. fxe4 f6 13. Qxh5 fxe5 14. Qxe5 Qd6 15.
Qxd6 cxd6 0-1

[Event "AUTO-INT-1428"]
[Site "http://www.queenalice.com/game.php?id=726215"]
[Date "2010.2.5"]
[Round "2"]
[White "TRPnt"]
[Black "Kuroi"]
[Result "1-0"]
[WhiteElo "1909"]
[BlackElo "1701"]

1. e4 e5 2. Nc3 Nc6 3. Nf3 Nf6 4. Bb5 a6 5. Bxc6 dxc6 6. Nxe5 Nxe4 7. Nxe4 Qd5
8. O-O Qxe5 9. Re1 Be7 10. d4 Qe6 11. Bg5 f6 12. Nxf6+ gxf6 13. Rxe6 Bxe6 14.
Qe2 Kf7 15. Re1 fxg5 16. Qxe6+ 1-0

[Event "AUTO-INT-1428"]
[Site "http://www.queenalice.com/game.php?id=726216"]
[Date "2010.2.5"]
[Round "2"]
[White "Kuroi"]
[Black "TRPnt"]
[Result "0-1"]
[WhiteElo "1572"]
[BlackElo "1918"]

1. e4 e5 2. Nf3 d6 3. Nc3 Nh6 4. Bc4 c6 5. d3 a5 6. Ng5 f6 7. Nh3 Bg4 8. Ne2 b5
9. f3 Bxh3 10. gxh3 bxc4 11. dxc4 Nf7 12. Ng3 Be7 13. Nf5 g6 14. Nxe7 Qxe7 15.
b3 Qd7 16. Ba3 Qxh3 17. Bxd6 Na6 18. Qd3 O-O-O 19. O-O-O Rxd6 20. Qe2 Rxd1+ 21.
Rxd1 Ng5 22. c5 Nxc5 23. Qc4 Nge6 24. Rd6 Kc7 25. Rd2 Qxf3 26. a4 Qe3 27. Qe2
Qc3 28. Kb1 Nxa4 29. bxa4 Rb8+ 0-1

[Event "Challenge"]
[Site "http://www.queenalice.com/game.php?id=732546"]
[Date "2010.2.16"]
[Round "-"]
[White "josemsm"]
[Black "TRPnt"]
[Result "1/2-1/2"]
[WhiteElo "1413"]
[BlackElo "1909"]

1. e4 e5 2. Nf3 Nc6 3. c4 Nf6 4. Nc3 Bc5 5. h3 d6 6. Nd5 Nxe4 7. d4 exd4 8. a3
O-O 9. b4 Re8 10. bxc5 Nc3+ 11. Be2 Nxd1 12. Kxd1 Be6 13. cxd6 cxd6 14. Bd3 Qe7
15. Re1 Qd7 16. Bh6 Ne5 17. Nxe5 Qa4+ 18. Bc2 Qa5 19. Bd2 Qc5 20. Bb4 Qc8 21.
Bxd6 f6 22. Ba4 Rd8 23. Ne7+ Kh8 24. Nxc8 fxe5 25. Rxe5 Bxc4 26. Rc5 Be6 27. Be7
Rdxc8 28. Rxc8+ Rxc8 29. Kd2 Bc4 30. Rc1 h6 31. Bb5 Be6 32. Rxc8+ Bxc8 33. Kd3
a6 34. Bc4 b5 35. Bd5 Bd7 36. Kxd4 g5 37. Bf6+ Kh7 38. Ke5 Kg6 39. Be4+ Kf7 40.
Bd5+ Kg6 41. f4 a5 42. Be4+ Kf7 43. g4 gxf4 44. g5 hxg5 45. Bxg5 Bxh3 46. Bxf4
b4 47. Bd5+ Ke7 48. Bg5+ Kd7 49. a4 Bg4 50. Bb3 Kc6 51. Kd4 Bf3 52. Bd8 Kb7 53.
Bxa5 Bc6 54. Bxb4 Kb6 55. a5+ Kb5 56. Kc3 Bb7 57. Bc4+ Ka4 58. a6 Bxa6 59. Bxa6
1/2-1/2